| 000 | 00644nam a22001697a 4500 | ||
|---|---|---|---|
| 082 | _a005 | ||
| 100 | _aAkbar, Muhammad Kamran ; Khan, Yousaf ; Nawaz, Rehan ; Tahir, Farah | ||
| 245 |
_aAcoustic Event Detection in Urban Environments / _cMuhammad Kamran Akbar ; Yousaf Khan ; Rehan Nawaz ; Farah Tahir |
||
| 260 |
_aIslamabad : _bSEECS - NUST, _c2019. |
||
| 300 |
_a44 p. ; _c30cm. |
||
| 563 | _aHB | ||
| 650 |
_aSoftware Engineering-Project Report _930818 |
||
| 700 |
_aDr. Omar Arif _919237 |
||
| 856 | _uhttp://10.250.8.41:8080/xmlui/handle/123456789/20543 | ||
| 942 |
_2ddc _cTHE |
||
| 999 |
_c536268 _d536268 |
||